La conspiración del mar muerto /

Guardado en:
Autor Principal: Baigent, Michael
Otros Autores: Leigh, Richard
Formato: Libro
Publicado: Madrid : Mr ediciones, 2006
Materias:
Etiquetas: Agregar Etiqueta
Sin Etiquetas, Sea el primero en etiquetar este registro!
LEADER 00930nam a22002415a 4500
001 CEM.cems012157
005 20060706083116.0
008 130507s2006##################000#0#####d
003 CEMS
020 |a 8427032412 
082 0 4 |a 232.95 
100 1 |a Baigent, Michael 
245 1 0 |a La conspiración del mar muerto /  |c Michael Baigent y Richard Leigh 
260 |a Madrid :  |b Mr ediciones,  |c 2006 
300 |a 350 p. 
500 |a Una investigación rigurosa y definitiva sobre los textos que la Iglesia no incluyó en la Biblia y la figura histórica de Jesús. 
505 0 |a Mapa de Qumran y el mar Muerto -- El engaño -- Los representantes del Vaticano --Los rollos del mar Muerto -- Epílogo 
600 1 4 |a 1. Baigent, Michael 2.Leigh, Richard 
653 |a La iglesia 
653 |a La biblia 
653 |a Manuscritos del mar muerto 
700 1 |a Leigh, Richard 
859 |a CEMS  |b BIB. CEMS - 11 de abril  |h 232.95  |i B149  |p 23375.06  |t Ej.1